00793cam a22002291 4500001001300000003000400013005001700017008004100034010001700075035001900092040001700111042001200128050002200140100002200162245010600184260006200290300002700352500010700379650001700486710004300503999001700546ca 19000584 DLC20260227111108.0800501s1919 nyu 000 0 eng  aca 19000584  a(OCoLC)6269251 aDLCcVidDLC apremarc00aHG1655b.R6 1919a1 aRovensky, John E.14aThe acceptance as the basis of the American discount market ...cby John E. Rovensky, vice-president. a[New York]bNational Bank of Commerce in New York,c1919. a1 p. l., 12 p.c23 cm. a"Speech delivered at the convention of the American Acceptance Council, Detroit, Mich., June 9, 1919." 0aAcceptances.2 aNational Bank of Commerce in New York. c15503d15503